00631 a2200181 4500020001600000040001300016082000800029100002000037245004000057250001200097260005800109300004400167500001900211650004000230942002100270999001500291952014300306 a 9971513978 aDLCbDLC a515 aApostol, Tom M. a Calculus, Vol. 2c Tom M, Apostol. a2nd ed. aSigapore:b J. Wiley & Sons (Asia) Pte. Ltd.,cc2003. avol,ii. xxii, 673 p. :bill. ;c 24 cm. aIncludes Index a1.Mathematical analysis.2.Calculus. cBKk515 APO2ddc c7508d7508 001040708NFICaCLbCLcGENd2005-11-16eAllied Book Companyg442.17l6m5o515 APOpSEECS006676r2024-09-10s2023-09-14w2017-01-05yBK